Zvěrolékařka. Odvážné cesty /
Závěrečný díl napínavé ságy vypráví o ženách, které se nebály postavit světu ovládanému převážně muži.
Uloženo v:
| Série: | Zvěrolékařka,
část 3 |
|---|---|
| Hlavní autor: | |
| Další autoři: | |
| Médium: | E-kniha |
| Jazyk: | Czech |
| Vydáno: |
Praha :
Ikar,
2024
|
| Vydání: | Vydání první |
| Témata: | |
| On-line přístup: | Plný text - pro registrované uživatele NK ČR |
| Příbuzné jednotky: | Přeloženo z:
Tierärztin Z cyklu:: Zvěrolékařka |
| Tagy: |
Žádné tagy |
| LEADER | 02333nam a2200457 i 4500 | ||
|---|---|---|---|
| 001 | 312299 | ||
| 003 | CZ PrSKC | ||
| 005 | 20260601215720.0 | ||
| 007 | ta | ||
| 008 | 240409s2024 xr g 000 f cze | ||
| 015 | |a cnb003556559 | ||
| 020 | |a 9788024953144 |q (vázáno) | ||
| 035 | |a (OCoLC)1438777310 | ||
| 040 | |a ABG001 |b cze |e rda | ||
| 041 | 1 | |a cze |h ger | |
| 072 | 7 | |a 821.112.2-3 |x Německá próza, německy psaná |2 Konspekt | |
| 080 | |a 821.112.2-31 |2 MRF | ||
| 080 | |a (0:82-31) |2 MRF | ||
| 100 | 1 | |a Lark, Sarah, |d 1958- |7 xx0124412 |4 aut | |
| 240 | 1 | 0 | |a Mutige Wege. |l Česky |
| 245 | 1 | 0 | |a Zvěrolékařka. |p Odvážné cesty / |c Sarah Larková ; z německého originálu Die Tierärztin - Mutige Wege ... přeložila Zuzana Soukupová |
| 246 | 3 | 0 | |a Odvážné cesty |
| 250 | |a Vydání první | ||
| 264 | 1 | |a Praha : |b Ikar, |c 2024 | |
| 300 | |a 396 stran ; |c 24 cm | ||
| 336 | |a text |b txt |2 rdacontent | ||
| 337 | |a bez média |b n |2 rdamedia | ||
| 338 | |a svazek |b nc |2 rdacarrier | ||
| 520 | 2 | |a Závěrečný díl napínavé ságy vypráví o ženách, které se nebály postavit světu ovládanému převážně muži. |b Tři mladé ženy kráčejí navzdory všem překážkám neochvějně za svým cílem. Následujte dcery zvěrolékařek Daphne, Grit a Helenu do Austrálie, Konga, na Nový Zéland a na Krétu a dočkáte se finále silného rodinného příběhu. Nakladatelská anotace. | |
| 655 | 7 | |a německé romány |7 fd132945 |2 czenas | |
| 655 | 9 | |a German fiction |2 eczenas | |
| 700 | 1 | |a Soukupová, Zuzana, |d 1949- |7 jk01120576 |4 trl | |
| 765 | 0 | |t Tierärztin | |
| 787 | 0 | 8 | |i Z cyklu: |t Zvěrolékařka |g 3 |
| 856 | 4 | 1 | |u https://www.bookport.cz/AccountSaml/SignIn/?idp=https%3A%2F%2Fshibboleth.nkp.cz%2Fidp%2Fshibboleth&returnUrl=/kniha/zverolekarka-odvazne-cesty-15119/ |y Plný text - pro registrované uživatele NK ČR |4 N |
| 900 | |a ABA001 |b 21 | ||
| 928 | 9 | |a Euromedia Group - Ikar | |
| 044 | |a xr | ||
| 910 | |a RBIT002 | ||
| 998 | |d 399090 |a https://core.palmknihy.cz/api/books/399090/cover?s97ee5 |b https://core.palmknihy.cz/api/books/399090/cover/400?s97ee5 |c https://core.palmknihy.cz/api/books/399090/cover/50?s97ee5 |e 2028-04-01 |g 400 |i 9788024953144 |j https://core.palmknihy.cz/api/books/399090/preview.epub |l |q 49 |r 1 |s https://www.palmknihy.cz/kniha/399090 |t ebook |y 2024 |z 0 |v Zvěrolékařka |w 3 | ||
| 999 | |d 312297 | ||